000 004050000a22001330004500
082 0 4 _aY43s
100 1 _aYepes, Luis Bernardo
245 1 0 _aSegundo encuentro nacional de promotores de letura / Luis Bernardo Yepes. compiladora de las memorias Gloria María Rodríguez Santa María
260 _aMedellin : Comfenalco
300 _a146 P.
650 1 4 _aPromoción de lectura
001 2135
942 _cLGB
999 _c49282
_d49282